Statistics for NFL Super Bowls

Click here to take the quiz!

General Stats

  • This quiz has been taken 576 times
  • The average score is 13 of 14

Answer Stats

HintAnswer% Correct
2014 LoserPatriots
97%
2011 LoserPatriots
97%
2008 LoserPatriots
97%
2014 WinnerSeahawks
96%
2013 WinnerSeahawks
96%
2013 LoserBroncos
93%
2010 LoserSteelers
88%
2009 WinnerSteelers
88%
2011 WinnerGIants
87%
2008 WinnerGiants
87%
2010 WinnerPackers
85%
2012 WinnerRavens
84%
2012 Loser49ers
83%
2009 LoserCardinals
76%

Score Distribution

Percentile by Number Answered

Percent of People with Each Score

Your Score History

You have not taken this quiz